Living values : (Record no. 68049)

MARC details
000 -LEADER
fixed length control field 00667nam a22001697a 4500
005 - DATE AND TIME OF LATEST TRANSACTION
control field 20120618123524.0
020 ## - INTERNATIONAL STANDARD BOOK NUMBER
International Standard Book Number 8120724852
Terms of availability Rs.125.00 (pbk)
035 ## - SYSTEM CONTROL NUMBER
System control number B-83899
037 ## - SOURCE OF ACQUISITION
Stock number DPL
Source of stock number/acquisition ENG
100 ## - MAIN ENTRY--PERSONAL NAME
Personal name Tillman, Diane G.
245 ## - TITLE STATEMENT
Title Living values :
Remainder of title An educational program educator training guide /
Statement of responsibility, etc by Diane G. Tillman and Pilar Quera Colomina
260 ## - PUBLICATION, DISTRIBUTION, ETC. (IMPRINT)
Place of publication, distribution, etc New Delhi
Name of publisher, distributor, etc Sterling Publishers
Date of publication, distribution, etc 2000
300 ## - PHYSICAL DESCRIPTION
Extent xv, 241p.
Dimensions 22 cms.
700 ## - ADDED ENTRY--PERSONAL NAME
Personal name Colomina, Pilar Quera
9 (RLIN) 49270
942 ## - ADDED ENTRY ELEMENTS (KOHA)
Source of classification or shelving scheme Dewey Decimal Classification
Item type English Books
Classification part 370.11
Call number suffix TIL
Holdings
Withdrawn status Lost status Not for loan Collection code Home library Current library Date acquired Cost, normal purchase price Full call number Barcode Cost, replacement price Koha item type
      Non-fiction Sarojini Nagar Sarojini Nagar 18/06/2012 125.00 370.11 TIL B-83899 125.00 English Books

© Delhi Public Library
Hit Counter
free hit counter